000 00483nam a2200145 i 4500
001 37826
003 ES-MaACL
007 t|
008 030221s1945 ag ||||1| spa d
100 1 _aCaeiro, Jose Alberto.
_933405
245 1 0 _aHipertiroidismo, fisiopatología y tratamiento /
_cJosé Alberto Caeiro.
260 _aBuenos Aires :
_bLópez y Etchegoyen,
_c1945 (
_fLa Prensa Médica Argentina)
300 _a249 p. :
_b1 lám., il. ;
_c23 cm.
852 _aES-MaACL
_jE-1819
_bR.22611
999 _c37826
_d37826